000 00637nam a2200217Ia 4500
001 7360
003 GE_BSU
008 181216s||||||||xx |||||||||||||| ||und||
040 _cGE_BSU
080 _a811.111(075.8)
100 _aГундризер,В.Р. Ланда,А.С.
245 _aУчебник англиского языка.
245 _cРед. Е.К.Минеева.
250 _a3-е издание.
260 _aМ.
260 _bИзд-во иностранной литературы.
260 _c1961.
300 _a460стр.22см.
653 _aУчебник англиского языка.
942 _cBK
999 _c40723
_d40723